| 000 | 01402nam a2200289Ia 4500 | ||
|---|---|---|---|
| 999 |
_c5409 _d5409 |
||
| 003 | OSt | ||
| 005 | 20200527120227.0 | ||
| 008 | 191128s2013 sp ad gr 000 0 spa d | ||
| 020 | _a9788493986384 | ||
| 040 |
_aCO-JMCR _cCO-JMCR |
||
| 041 | 0 | _aspa | |
| 082 | 0 | 4 |
_a330.0945 / _223 _bL792e |
| 100 | 1 |
_aLlopis, Enrique, _eeditor _94715 |
|
| 245 | 1 | 0 |
_aEspaña en crisis : _blas grandes depresiones económicas, 1348-2012 / _cEnrique Llopis y Jordi Maluquer de Motes ; Antoni Furió, José Antonio Sebastián Amarilla [y otros] |
| 260 |
_aBarcelona : _bPasado y presente, _c2013 |
||
| 300 |
_a252 páginas : _bgráficos a blanco y negro ; _c23 cm. |
||
| 500 | _aIncluye índice de nombres y bibliografía. | ||
| 500 | _aIncluye del autor en la solapa. | ||
| 505 | _aLa primera gran depresión europea (siglos xiv-xv) -- El largo siglo XVII : crisis en España, depresión en Castilla -- La crisis del Antiguo Régimen, 1789-1840 -- La gran depresión internacional y la Segunda República -- Los años del hambre | ||
| 650 | 1 | 4 |
_aEconomía--Historia _y1348-2012 _zEspaña _94716 |
| 650 | 2 | 4 |
_aEconomía -- Historia -- -- _y1348-2012 _zEuropa _94717 |
| 650 | 2 | 4 |
_a Política económica _yHistoria _zEspaña _94718 |
| 700 | 1 |
_aMaluquer de Motes, Jordi, _eeditor _94719 |
|
| 700 | 1 |
_a Furió, Antoni, _eautor _94720 |
|
| 700 | 1 |
_aSebastián Amarilla, José Antonio, _eautor _94721 |
|
| 942 |
_2ddc _cBK |
||